| 000 | 01238nam a2200361 a 4500 | ||
|---|---|---|---|
| 001 | 000025298 | ||
| 003 | DO-SdBNP | ||
| 005 | 20180323160838.0 | ||
| 007 | 000025298 | ||
| 008 | 110214s2003 dr a 001 0bspa d | ||
| 020 | _a9993476994 | ||
| 040 |
_aBPMSU _bspa _cBPMSU |
||
| 082 |
_a923.31 _bB142C |
||
| 100 | 1 |
_aCassá, Roberto, _d1948- |
|
| 245 | 1 | 0 |
_aMauricio Báez : _blíder del proletariado / _cRoberto Cassá ; ilustraciones Ramiro Manzano. |
| 260 |
_aSanto Domingo : _bTobogán, _c2003. |
||
| 300 |
_a57 p. : _bil. ; _c21 cm. |
||
| 490 | 1 | _aBiografías dominicanas | |
| 504 | _aBibliografía: p. 57 | ||
| 600 | 1 | 4 |
_aBÁEZ, MAURICIO _d1910-1950 |
| 650 | 4 |
_aLIDERES OBREROS _zREPÚBLICA DOMINICANA |
|
| 650 | 4 |
_aTRABAJO Y TRABAJADORES _zREPÚBLICA DOMINICANA |
|
| 650 | 4 |
_aSINDICATOS _xACTIVIDAD POLÍTICA _zREPÚBLICA DOMINICANA |
|
| 700 | 1 |
_aManzano, Ramiro _eil. |
|
| 830 | 0 | _aBiografías dominicanas | |
| 910 | _aValidado. Control de calidad MFF | ||
| 942 |
_2ddc _cBK |
||
| 945 | _aRemanejado para la BNPHU / VM | ||
| 956 |
_aYPOLANCO _b10 _c20110214 _lBND01 _h1450 |
||
| 956 |
_aVMATEO _b10 _c20110215 _lBND01 _h1043 |
||
| 956 |
_aEMARRERO _b10 _c20131211 _lBND01 _h2236 |
||
| 956 |
_aVMATEO _b10 _c20150903 _lBPMSU _h00151 |
||
| 999 |
_c7464 _d7464 |
||